01030nas a2200241Ia 4500001001100000003000900011008004100020040001300061040001300074041001300087100003800100210002000138222002000158245011700178250001100295260002800306501008600334300001100420310001600431362004500447500026000492650003600752R012/42584IT-RoPAU151124c99999999xx |||||||||||| ||und|| aIT-RoPAU cIT-RoPAU aITALIANO aAA.VV. gCodice Aut. SPICS: 12000 aCINEMA & CINEMA aCinema & Cinema aCINEMA & CINEMA, ANNO 05-N.16/17 (LUGLIO-DICEMBRE 1978)bCinema & Cinema, Anno 05-N.16/17 (Luglio-Dicembre 1978) a1a ed. aVENEZIAbMARSILIOc1978 bPaulus - SPICS - Società San Paolo EM (non-commercial uses only)cCopyright2015 a248 p. aTRIMESTRALE aANNO 005, N.16/17 (LUGLIO-DICEMBRE 1978) aNumero Doppio Sul Cinema Anni 70 in Francia. Contributi di Autori Vari Sulcinema di Vari Registi Francesi e su Argomenti Attinenti al Cinema. Note Critiche Su: Ermanno Olmi, Cinema D'Artista, Conversazione con Carmelo Bene e Sydney Pollack, Akerman, Herzo aCINEMAvPUBBLICAZIONE PERIODICA